000 00449nam a2200157 a 4500
082 _a519.8620
_bPIP
_cL-3, P-22
100 1 _aPipes , Lovis A.
_939560
245 _aApplied Mathematics for Engineers And Physicists
250 _aThird Edition
260 _aNew Your:
_bMcGrawHill Books ,
_c1972
300 _a1015.p
526 _a0
_b0
_c0
_d519_862000000000000_PIP
650 0 _aMathematical Physics
_98499
650 0 _aMCE
_9379
942 _2ddc
_cBK
999 _c544024
_d544024